Largest Cities in Europe Beginning With 'D' - Statistics

General Stats
  • This quiz has been taken 545 times
    351 since last reset
  • The average score is 8 of 20
Answer Stats
# Population Country Answer % Correct
2 1,420,000 Ireland Dublin
98%
1 1,430,000 Ukraine Donetsk
88%
4 827,800 Germany Dresden
85%
8 248,466 France Dijon
77%
3 1,360,000 Ukraine Dnipro
77%
11 201,432 Hungary Debrecen
58%
14 161,470 United Kingdom Dundee
49%
7 290,131 United Kingdom Derby
48%
10 201,515 Albania Durrës
46%
18 111,036 Norway Drammen
27%
12 195,400 Germany Darmstadt
26%
13 162,129 France Dunkerque
24%
6 428,187 Spain Donostia - Irun (San Sebastián)
17%
5 505,589 France Douai - Lens
16%
20 99,395 United KIngdom Darlington
13%
9 218,630 Russia Dzerzhinsk
9%
17 120,430 United KIngdom Dunfermline
7%
15 148,600 Germany Düren
7%
16 124,953 Russia Derbent
5%
19 110,968 Russia Dimitrovgrad
2%
No matching quizzes found
Score Distribution
Percent of People with Each Score
Percentile by Number Answered
Your Score History
You have not taken this quiz since the last reset